000 01180nam a2200277Ia 4500
003 OSt
005 20221005110159.0
006 a|||||r|||| 00| 0
007 ta
008 221004b |||||||| |||| 00| 0 mal d
020 _a8126014148 (pbk)
_c300
024 _a93561
037 _b526, 19/03/2009, Vani Prakashan
_cTextual
040 _aCRL
_cCRL
_bmal
041 _2mal
_amal
082 _aO32,3N38,VI, 152P2
100 _aश्रीधरन, पेरूम्पटवम्
245 0 _aवक्ष पर ईश्वर का आद्यक्षर
246 _aVakṣha par īshvar kā ādyakṣhara
260 _aनई दिल्ली
_bसाहित्य अकादेमी भारत
_c2002
300 _a132पृ0
_ccm.
650 _aमलयालम साहित्य
700 _a नंपियार, वी. डी. कृष्णन, अनु.
_9624076
942 _hO32,3N38,VI, 152P2
_cTEXL
_2cc
999 _c1018050
_d1018050